000 00581nam a2200217Ia 4500
003 OSt
005 20220926044604.0
006 a|||||r|||| 00| 0
007 ta
008 220923b |||||||| |||| 00| 0 eng d
037 _cGeneral Book
040 _aRTL
_cRTL
_beng
041 _2eng
_aeng
082 _aV542y7.J8<--I6, E0
100 _aJayne K G
_9349206
245 0 _aVasco de Gama and his successors, 1460-1580
260 _c1900
650 _aEurope History
_914786
942 _hV542y7.J8<--I6, E0
_cGB
_2CC
999 _c675273
_d675273